Statistics for Countries with Double Letters

Click here to take the quiz!

General Stats

  • This quiz has been taken 100 times
    (71 since last reset)
  • The average score is 7 of 11

Answer Stats

Answer % Correct
Russia
89%
Morocco
70%
Greece
68%
Philippines
68%
Andorra
66%
Seychelles
57%
Cameroon
53%
Marshall Islands
53%
Guinea-Bissau
47%
Saint Kitts And Nevis
43%
Sierra Leone
43%

Score Distribution

Percentile by Number Answered

Percent of People with Each Score

Your Score History

You have not taken this quiz since the last reset